Загрузка...
The Snows of Kilimanjaro /
| Главный автор: | |
|---|---|
| Формат: | Printed Book |
| Опубликовано: |
London
Arrow Books
1994
|
| Редактирование: | 1st ed. |
| Предметы: |
| LEADER | 00480cam a2200157ua 4500 | ||
|---|---|---|---|
| 020 | |a 0-09-990880-8 | ||
| 082 | |a 813.5 |b HEM/S | ||
| 100 | 0 | |a Hemingway, Earnest | |
| 245 | 1 | 0 | |a The Snows of Kilimanjaro / |
| 250 | |a 1st ed. | ||
| 260 | |a London |b Arrow Books |c 1994 | ||
| 300 | |a 138p. | ||
| 650 | 0 | |a American literature- Fiction | |
| 942 | |c BK | ||
| 999 | |c 1514 |d 1514 | ||
| 952 | |0 0 |1 0 |4 0 |6 813_500000000000000_HEMS |7 0 |9 1574 |a KUCL |b KUCL |d 2014-05-23 |l 1 |m 1 |o 813.5 HEM/S |p 04631 |r 2018-11-19 |s 2018-09-15 |y BK | ||